[Event "Mauricie op U2000"]
[Site "Trois Rivieres"]
[Date "2005.03.19"]
[Round "2"]
[White "Deschesnes, Jean"]
[Black "Rondeau, Samuel"]
[Result "0-1"]
[WhiteElo "1723"]
[BlackElo "1811"]
[PlyCount "42"]
[EventDate "2005.03.??"]
[EventType "swiss"]
[EventRounds "5"]
[EventCountry "CAN"]
[SourceTitle "EXT 2006"]
[Source "ChessBase"]
[SourceDate "2005.11.24"]
[SourceVersion "1"]
[SourceVersionDate "2005.11.24"]
[SourceQuality "1"]

1. d4 f5 2. e4 fxe4 3. Nc3 Nf6 4. Bg5 g6 5. f3 exf3 6. Nxf3 Bg7 7. Qd2 d6 8. 0-0-0 c6 9. Bd3 Bg4 10. Rhf1 Nbd7 11. Rde1 Bxf3 12. Rxf3 b5 13. Rfe3 e5 14. dxe5 Nxe5 15. Ne2 Qd7 16. Rh3 0-0-0 17. Nd4 Rde8 18. Nf3 Qxh3 19. gxh3 Nxf3 20. Rxe8+ Rxe8 21. Bxf6 Bxf6 0-1